Journal of Tourism and Services

Gespeichert in:
Bibliographische Detailangaben
Format: Schriftenreihe
Sprache:Englisch
Veröffentlicht: Praha Center for International Scientific Research of VŠO and VŠPP
Tags: Tag hinzufügen
Keine Tags, Fügen Sie das erste Tag hinzu!

MARC

LEADER 00000nls a2200000 4500
001 0270979
005 20250701092113.1
022 |a 1804-5650 
041 0 |a eng 
044 |a CZ 
245 1 0 |a Journal of Tourism and Services 
264 1 |a Praha  |b Center for International Scientific Research of VŠO and VŠPP